Austin v London Borough of Southwark (Record no. 82492)

MARC details
000 -LEADER
fixed length control field 01506cab a22002895a 4500
001 - CONTROL NUMBER
control field L150396
008 - FIXED-LENGTH DATA ELEMENTS--GENERAL INFORMATION
fixed length control field 100707e20100216xxk f v 000 0 eng d
035 ## - SYSTEM CONTROL NUMBER
System control number (Sirsi) u150396
041 0# - LANGUAGE CODE
Language code of text/sound track or separate title eng
245 00 - TITLE STATEMENT
Title Austin v London Borough of Southwark
Medium [electronic resource]
260 ## - PUBLICATION, DISTRIBUTION, ETC.
Date of publication, distribution, etc. 2009
520 ## - SUMMARY, ETC.
Summary, etc. [2010] UKSC 28, 23 June 2010. Concerned with whether firstly a secure tenancy ended on a breach of the conditions of a suspended possession order under Housing Act 1985 s82(2) and secondly whether the former tenant's right under s85(2)b of the 1985 Act to apply to postpone the date of possession thus reviving the secure tenancy survived his death and passed to his estate. "Held" appeal allowed. CA decision (See L150396) overturned.
590 ## - LOCAL NOTE (RLIN)
Local note KA
650 24 - SUBJECT ADDED ENTRY--TOPICAL TERM
Topical term or geographic name entry element R(ON THE APPLICATION OF M) V SECRETARY OF STATE FOR WORK AND PENSIONS
650 24 - SUBJECT ADDED ENTRY--TOPICAL TERM
Topical term or geographic name entry element AUSTIN V SOUTHWARK LBC
650 24 - SUBJECT ADDED ENTRY--TOPICAL TERM
Topical term or geographic name entry element BRENT LBC V KNIGHTLEY
650 24 - SUBJECT ADDED ENTRY--TOPICAL TERM
Topical term or geographic name entry element KNOWSLEY HOUSING TRUST V WHITE
650 24 - SUBJECT ADDED ENTRY--TOPICAL TERM
Topical term or geographic name entry element KAY V LAMBETH LBC
650 24 - SUBJECT ADDED ENTRY--TOPICAL TERM
Topical term or geographic name entry element EUROPEAN CONVENTION ON HUMAN RIGHTS PROTOCOL 1 ARTICLE 1
650 24 - SUBJECT ADDED ENTRY--TOPICAL TERM
Topical term or geographic name entry element CIVIL PROCEDURE RULES 1998
650 24 - SUBJECT ADDED ENTRY--TOPICAL TERM
Topical term or geographic name entry element HOUSING ACT 1985 S87
650 24 - SUBJECT ADDED ENTRY--TOPICAL TERM
Topical term or geographic name entry element HOUSING ACT 1985 S85
651 #4 - SUBJECT ADDED ENTRY--GEOGRAPHIC NAME
Geographic name England and Wales
Chronological subdivision 1543-
690 ## - LOCAL SUBJECT ADDED ENTRY--TOPICAL TERM (OCLC, RLIN)
Topical term or geographic name as entry element PROPERTY-RESIDENTIAL PROPERTY-LEASEHOLD RESIDENTIAL PROPERTY-RESIDENTIAL LANDLORD AND TENANT-TENANCY AGREEMENTS
856 40 - ELECTRONIC LOCATION AND ACCESS
Uniform Resource Identifier <a href="https://www.supremecourt.gov.uk/decided-cases/docs/UKSC_2009_0037_Judgment.pdf">https://www.supremecourt.gov.uk/decided-cases/docs/UKSC_2009_0037_Judgment.pdf</a>
Public note View the case at www.supremecourt.gov.uk
942 ## - ADDED ENTRY ELEMENTS (KOHA)
Suppress in OPAC 0
Holdings
Withdrawn status Lost status Source of classification or shelving scheme Damaged status Not for loan Home library Current library Shelving location Date acquired Total Checkouts Full call number Barcode Date last seen Copy number Price effective from Koha item type
    Dewey Decimal Classification     Virtual Virtual Online 07/07/2010   ONLINE PUBLICATION AUO 06/08/2019 1 06/08/2019 Law report